Normal view
MARC view
Entry Personal Name
001 - CONTROL NUMBER
- control field: 50701
003 - CONTROL NUMBER IDENTIFIER
- control field: ARRUPE
005 - DATE AND TIME OF LATEST TRANSACTION
- control field: 20211027101846.0
008 - FIXED-LENGTH DATA ELEMENTS
- fixed length control field: 211027|| aca||aabn | a|a d
040 ## - CATALOGING SOURCE
- Original cataloging agency: ARRUPE
- Transcribing agency: ARRUPE
100 ## - HEADING--PERSONAL NAME
- Personal name: Fawkes, Guy,
- Dates associated with a name: 1570-1606
670 ## - SOURCE DATA FOUND
- Source citation: Work cat.: (ARRUPE)0: Fraser, Antonia, 1932- 49247, The Gunpowder Plot :, 2002.